000 00828nam a2200205 a 4500
001 000035360
005 20240510073817.0
008 111028s1967 sp 000 0 spa d
040 _aDO-SdBNP
_bspa
_cBNPHU
041 1 7 _aspa
_hfre
100 1 _aMonestier, André
_961151
245 1 0 _aA favor de Teilhard de Chardin /
_cAndré Monestier ; traducción de J. F. Vidal Jové. En contra de Teilhard de Chardin / Louis Salleron ; traducción de J. F. Vidal Jové.
260 _aBarcelona :
_bPomaire,
_c1967.
300 _a76, 80 p. ;
_c20 cm.
500 _aTexto contrapuesto en dos partes unidas entre sí, espalda con espalda.
600 1 4 _aTEILHARD DE CHARDIN, PIERRE
_961152
650 2 0 _aFilosofía
_9813
700 1 _aSalleron, Louis.
_tEn contra de Teilhard de Chardin
_961153
700 1 _aVidal Jové, J. F.,
_etrad.
_961154
999 _c34851
_d34851